| 000 | 00892cam a22001935a 4500 | ||
|---|---|---|---|
| 001 | L149845 | ||
| 008 | 100504e2010 xxk 000 0 eng d | ||
| 035 | _a(Sirsi) u149845 | ||
| 041 | 0 | _aeng | |
| 100 | 1 | _aWhitmore, James | |
| 245 | 0 | 0 | _aFund managers add their weight to returning confidence |
| 260 | _c2010 | ||
| 490 | 0 |
_aProperty Week _v76(15) 16 April 2010, 31-21(2) |
|
| 520 | _aLloyds Banking Group's third quarterly Commercial Property Confidence Monitor points to a slow but steady recovery in the commercial property market in 2010. Property fund managers who are included for the first time in this survey are the most confident group about activity and two-thirds expect to see improvements in the next three to six months. | ||
| 590 | _aKA | ||
| 651 | 4 |
_aUnited Kingdom _y |
|
| 690 | _aPROPERTY-COMMERCIAL PROPERTY-COMMERCIAL PROPERTY FINANCE AND INVESTMENT | ||
| 942 | _n0 | ||
| 999 |
_c82298 _d82298 |
||